000 00976nam a22003137a 4500
999 _c23582
_d23582
003 AR-CdUCM
008 260401b2024 pe ||||| |||| 00| 0 esp d
040 _aMUNICIPALIDAD PROVINCIAL DEL CUSCO
_cBIBLIOTECA MUNICIPAL DEL CUSCO
041 _hesp
082 _a641.5973 /
_bE77
100 _aEscobar López, Javier Efraín
_952485
245 _aDiccionario de Cocina Cusqueña Tradicional /
260 _aCusco - Perú :
_c2024.
300 _a234 Páginas. :
_c14 x 20 cm.
505 _aContenido: Diccionario de Cocina Cusqueña Tradicional -- A - Z -- Referencias
650 _aDiccionario
_95196
650 _aAbaceria
_952486
650 _aAtamalarse
_952487
650 _aBajamar
_952488
650 _aBarrica
_952489
650 _aCambucho
_952490
650 _aEspeciería
_952491
650 _aTeqte
_952492
650 _aUchukuta
_952493
650 _aVivandera
_952494
650 _aWaqchampu
_952495
942 _2ddc
_cLIBROS
945 _ajmcs
_d01/04/2026